000 00567cab a2200205 4500
001 X1124
008 090401t1993 xxu||||| |||| 00| 0 eng d
035 _a(Sirsi) u14805
041 _aeng
245 _aRomanse - making journeys easier
260 _c1993
350 _a0
490 _aCS Monthly : Land and Hydrographic Survey
_v3(2) October 1993, 1(1)
650 _aAWARDS
650 _aSKILLS PANEL
650 _aTRAFFIC AND TRAVEL INFORMATION SYSTEM
690 _aMANAGEMENT-BUSINESS MANAGEMENT-INFORMATION MANAGEMENT
942 _n0
948 _c04/03/1997
999 _c9665
_d9665